Culture Générale - Série 786 - Statistiques

Statistiques générales
  • Ce quiz a été pris 92 fois
  • Le résultat moyen est 5 sur 10
Statistiques - réponses
Question Réponse % Correct
Quelle couleur peut être roi, marine, nuit ou encore pétrole ? bleu
99%
Quelle substance neutre, utilisée à la place d'un médicament pour son effet psychologique, porte un nom qui signifie "je plairai" en latin ? placebo
89%
Selon le titre du film réalisé par Stanley Kubrick en 1968, en quelle année se déroulait "L'Odyssée de l'espace" ? 2001
84%
Dans quel sport s'illustre l'international français Frédéric Michalak ? rugby
84%
Quel sport de combat tire son nom de l'abréviation d'une expression anglaise signifiant : "attrape comme tu peux" ? catch
54%
Comment appelle-t-on la feuille de papier sulfurisé ou d'aluminium, dans laquelle on enveloppe un aliment pour le faire cuire au four ou à la vapeur ? papillote
52%
En 1987, quel film réalisé par Stanley Kubrick, avec Matthew Modine, traite de la guerre du Vietnam ? Full Metal Jacket
31%
Mot latin désignant une enceinte couverte pouvant accueillir des spectacles, des concerts ou des événements sportifs arena
25%
Quelle est la rivière qui arrose la ville d'Evreux ? iton
16%
Comment nomme-t-on le jus acide, extrait de raisins cueillis verts ? verjus
13%
Aucun quiz correspondant
Distribution des résultats
% des personnes avec chaque résultat
Percentile par nombre de réponses
Votre historique - résultats
Vous n’avez pas pris ce quiz